[Event "IND-ch U15 47th"]
[Site "New Delhi"]
[Date "2022.11.29"]
[Round "2"]
[White "Riyan, Amit Shah"]
[Black "Daaevik, Wadhawan"]
[Result "0-1"]
[WhiteElo "1455"]
[BlackElo "1780"]
[PlyCount "92"]
[EventDate "2022.11.28"]
[EventType "swiss"]
[EventRounds "11"]
[EventCountry "IND"]
[SourceTitle "CBM 211 Extra"]
[Source "ChessBase"]
[SourceDate "2023.01.31"]
[SourceVersion "1"]
[SourceVersionDate "2023.01.31"]
[SourceQuality "1"]

1. d4 Nf6 2. Nf3 d5 3. e3 c5 4. c3 Nc6 5. Bd3 g6 6. 0-0 Bg7 7. dxc5 Nd7 8. e4 Nxc5 9. exd5 Qxd5 10. Bb5 Qxd1 11. Rxd1 Bg4 12. Be3 Bxf3 13. gxf3 Ne6 14. Na3 Nc7 15. Rd2 0-0 16. Rd7 Nxb5 17. Nxb5 b6 18. Rad1 Bf6 19. f4 h5 20. Rc7 Rfc8 21. Rdd7 a6 22. Rxc8+ Rxc8 23. Na7 Nxa7 24. Rxa7 a5 25. Rb7 a4 26. a3 Rc4 27. Rxb6 e6 28. Rb4 Rxb4 29. axb4 Kf8 30. Kf1 Ke7 31. Ke2 Kd6 32. Kd3 Kc6 33. Kc4 Be7 34. b5+ Kb7 35. Bc5 Bd8 36. Kb4 Bc7 37. Be3 g5 38. fxg5 Bxh2 39. c4 h4 40. c5 h3 41. c6+ Kc7 42. f4 Bg3 43. Kc5 h2 44. b6+ Kc8 45. b7+ Kc7 46. Bd4 Bxf4 0-1

[Event "Mumbai ICS-ch"]
[Site "Mumbai"]
[Date "2022.10.02"]
[Round "7"]
[White "Jadhav, Vishwadeep"]
[Black "Riyan, Amit Shah"]
[Result "1-0"]
[WhiteElo "1451"]
[BlackElo "1303"]
[PlyCount "69"]
[EventDate "2022.09.25"]
[EventType "swiss"]
[EventRounds "8"]
[EventCountry "IND"]
[SourceTitle "EXT 2023"]
[Source "ChessBase"]
[SourceDate "2022.10.05"]
[SourceVersion "1"]
[SourceVersionDate "2022.10.05"]
[SourceQuality "1"]

1. e4 e5 2. Nf3 Nc6 3. Bb5 a6 4. Ba4 Nf6 5. 0-0 Be7 6. Re1 b5 7. Bb3 0-0 8. c3 d5 9. exd5 Nxd5 10. h3 Bb7 11. d3 Bc5 12. Bg5 Qd7 13. Nbd2 h6 14. Ne4 Bb6 15. Bxh6 f5 16. Bg5 Kh8 17. Ng3 Rae8 18. Nh4 Qf7 19. Qh5+ Qxh5 20. Nxh5 Nde7 21. Bxe7 Nxe7 22. Rxe5 g5 23. Rxe7 gxh4 24. Rae1 Rxe7 25. Rxe7 f4 26. Re6 Kh7 27. Nf6+ Kg7 28. Nd7 Rf5 29. Nxb6 Rg5 30. Re7+ Kf6 31. Rf7+ Kg6 32. f3 Bxf3 33. Kf2 Bxg2 34. Nd7 Bd5 35. Rxf4 1-0

[Event "Mumbai ICS-ch"]
[Site "Mumbai"]
[Date "2022.10.01"]
[Round "6"]
[White "Vedant, Mistry"]
[Black "Riyan, Amit Shah"]
[Result "1/2-1/2"]
[WhiteElo "1371"]
[BlackElo "1303"]
[PlyCount "208"]
[EventDate "2022.09.25"]
[EventType "swiss"]
[EventRounds "8"]
[EventCountry "IND"]
[SourceTitle "EXT 2023"]
[Source "ChessBase"]
[SourceDate "2022.10.05"]
[SourceVersion "1"]
[SourceVersionDate "2022.10.05"]
[SourceQuality "1"]

1. d4 Nf6 2. Bf4 d5 3. e3 c5 4. c3 Nc6 5. Nd2 e6 6. Ngf3 Bd6 7. Bg3 Qc7 8. Bb5 0-0 9. dxc5 Bxg3 10. hxg3 e5 11. b4 a5 12. a3 axb4 13. cxb4 d4 14. exd4 e4 15. Bxc6 bxc6 16. Ne5 Ba6 17. Ndc4 Rad8 18. 0-0 Nd5 19. Qc2 Ne7 20. Rfd1 f6 21. Ng4 Nf5 22. Qxe4 Nxg3 23. Qc2 Qf7 24. Nd6 Ne2+ 25. Kh1 Qh5+ 26. Nh2 Qd5 27. Qa2 Qxa2 28. Rxa2 Nc3 29. Rdd2 Nxa2 30. Rxa2 Bc8 31. a4 Be6 32. Ra3 Ra8 33. Nf1 Rfb8 34. b5 cxb5 35. Nxb5 Rxb5 36. Re3 Rb1 37. Rxe6 Rxf1+ 38. Kh2 Rd1 39. Rd6 Rxa4 40. c6 Raxd4 41. c7 Rxd6 42. c8Q+ Rd8 43. Qc4+ Kf8 44. Qc5+ R8d6 45. Qc8+ Kf7 46. Qh3 Kg8 47. Qb3+ R1d5 48. Qc4 g6 49. Qb3 Kg7 50. Qb7+ Rd7 51. Qb3 Rd2 52. Qe3 R2d3 53. Qe6 R3d5 54. Qe2 Re5 55. Qc2 Ra7 56. Qb2 Rae7 57. Qc3 Re2 58. Qd4 Ra2 59. Qc5 Rd7 60. Qb6 Rc2 61. Qe3 Rc6 62. Qb3 Rc5 63. Qa4 Rh5+ 64. Kg1 Rc7 65. Qf4 Rc2 66. Qe3 Rf5 67. Qe7+ Kh6 68. Qe3+ g5 69. Qh3+ Kg6 70. Qd3 Rc1+ 71. Kh2 g4 72. Qe4 Rcc5 73. Qe8+ Kg5 74. Qe3+ Kg6 75. Qe8+ Kh6 76. Qf8+ Kg5 77. Qg8+ Kf4 78. Qb8+ Ke4 79. Qb4+ Kd3 80. Qb3+ Kd4 81. Qb4+ Kd3 82. Qb3+ Ke4 83. Qb4+ Kd5 84. Qb7+ Kc4 85. Qe4+ Kb5 86. Qb7+ Ka4 87. Qe4+ Kb3 88. Qd3+ Kb4 89. Qe4+ Ka5 90. Qa8+ Kb6 91. Qb8+ Kc6 92. Qc8+ Kd6 93. Qd8+ Ke5 94. Qe7+ Kd4 95. Qe3+ Kd5 96. Qd3+ Ke6 97. Qb3+ Rfd5 98. Qb6+ Kf5 99. Qb1+ Kg5 100. Qxh7 Re5 101. Kg3 Rc3+ 102. f3 gxf3 103. Qg7+ Kh5 104. Qh7+ Kg5 1/2-1/2

[Event "Mumbai Wealth op 6th"]
[Site "Mumbai"]
[Date "2022.01.01"]
[Round "3"]
[White "Riyan, Amit Shah"]
[Black "Krishnan, Ritvik"]
[Result "0-1"]
[WhiteElo "1544"]
[BlackElo "1750"]
[PlyCount "70"]
[EventDate "2021.12.30"]
[EventType "swiss"]
[EventRounds "9"]
[EventCountry "IND"]
[SourceTitle "EXT 2023"]
[Source "ChessBase"]
[SourceDate "2022.10.05"]
[SourceVersion "1"]
[SourceVersionDate "2022.10.05"]
[SourceQuality "1"]

1. e4 c5 2. Nf3 Nf6 3. e5 Nd5 4. d4 cxd4 5. Qxd4 e6 6. Bc4 Nc6 7. Qe4 d6 8. Bxd5 exd5 9. Qe2 Be6 10. 0-0 dxe5 11. Nxe5 Bd6 12. Bf4 Qf6 13. Nxc6 Qxf4 14. g3 Qf6 15. Nb4 0-0 16. Nd3 Bh3 17. Re1 Rae8 18. Qd1 Rxe1+ 19. Nxe1 Qxb2 20. Nd2 Bg4 21. Ndf3 Re8 22. Rb1 Qxa2 23. Rb3 Qa5 24. Rxb7 Bh3 25. Nd3 Bc8 26. Rb1 Qc3 27. Rb3 Qc4 28. Qd2 Bg4 29. Nfe5 Bxe5 30. Rb4 Qc8 31. Qg5 Bf5 32. Nxe5 Rxe5 33. g4 Be4 34. Qxe5 Qxg4+ 35. Kf1 Qd1# 0-1

[Event "Mumbai Wealth op U13"]
[Site "Mumbai"]
[Date "2016.02.03"]
[Round "7"]
[White "Kabir, Belgikar"]
[Black "Riyan, Amit Shah"]
[Result "1-0"]
[WhiteElo "1560"]
[BlackElo "1106"]
[PlyCount "76"]
[EventDate "2016.01.28"]
[EventType "swiss"]
[EventRounds "9"]
[EventCountry "IND"]
[SourceTitle "CBM 170 Extra"]
[Source "ChessBase"]
[SourceDate "2016.02.25"]
[SourceVersion "1"]
[SourceVersionDate "2016.02.25"]
[SourceQuality "1"]

1. e4 e5 2. Nf3 Nc6 3. Bb5 a6 4. Ba4 Nf6 5. 0-0 Be7 6. Re1 b5 7. Bb3 0-0 8. c3 d5 9. exd5 Nxd5 10. Nxe5 Nxe5 11. Rxe5 Nf6 12. d4 Bd6 13. Re1 Ng4 14. h3 Qh4 15. Qf3 c6 16. Bf4 Bxf4 17. Qxf4 g5 18. Qf3 Nh6 19. Qxc6 Bf5 20. Qf3 Bg6 21. Nd2 g4 22. hxg4 Nxg4 23. Nf1 Rae8 24. Qg3 Qg5 25. f3 h5 26. fxg4 h4 27. Qf3 Rxe1 28. Rxe1 h3 29. gxh3 Kh7 30. Qe3 Qh4 31. Qg3 Qh6 32. g5 Qh5 33. Qg4 Qxg4+ 34. hxg4 f6 35. Re7+ Kh8 36. Re6 Kg7 37. gxf6+ Rxf6 38. Rxf6 Kxf6 1-0

[Event "Mumbai Wealth op U13"]
[Site "Mumbai"]
[Date "2016.01.28"]
[Round "1"]
[White "Riyan, Amit Shah"]
[Black "Mrudul, Dehankar"]
[Result "0-1"]
[WhiteElo "1106"]
[BlackElo "1731"]
[PlyCount "70"]
[EventDate "2016.01.28"]
[EventType "swiss"]
[EventRounds "9"]
[EventCountry "IND"]
[SourceTitle "CBM 170 Extra"]
[Source "ChessBase"]
[SourceDate "2016.02.25"]
[SourceVersion "1"]
[SourceVersionDate "2016.02.25"]
[SourceQuality "1"]

1. d4 Nf6 2. Nf3 e6 3. e3 b6 4. Bd3 Bb7 5. 0-0 Be7 6. Re1 c5 7. c4 0-0 8. Qc2 Bxf3 9. gxf3 cxd4 10. exd4 Nc6 11. Kh1 Nxd4 12. Qd1 Nc6 13. Rg1 Ne5 14. Rg3 d5 15. f4 Ng6 16. cxd5 Qxd5+ 17. Kg1 Rfd8 18. Nc3 Qd7 19. Be3 Qxd3 20. Qxd3 Rxd3 21. Kg2 Nh5 22. Rf3 Nh4+ 23. Kf1 Nxf3 24. Kg2 Nh4+ 25. Kh3 Nxf4+ 26. Kg4 Nd5 27. Nxd5 exd5 28. Re1 f5+ 29. Kh3 f4 30. Kg4 fxe3 31. Rxe3 Rxe3 32. fxe3 Rc8 33. h3 Rc2 34. b3 Rg2+ 35. Kf4 Bd6# 0-1